00350nam a2200133Ia 4500008004100000041000800041082001200049100001800061245004500079260004500124300003000169365001100199440000600210240624s9999 xx 000 0 und d aeng a339 RAK aRAKSHIT MIHIR aMACROECONOMICS OF POST REFORM INDIA SELE c2009aNew DelhibOxford University press axi, : 271 : p. : cm. ; 24 cRSb30 v1